Pepita Jiménez

Zapisane w:
Opis bibliograficzny
1. autor: Valera, Juan (Autor)
Format: Książka
Język:hiszpański
Wydane: Madrid Espasa Calpe 1947
Seria:Clásicos Castellanos, 80
Hasła przedmiotowe:
Etykiety: Dodaj etykietę
Nie ma etykietki, Dołącz pierwszą etykiete!

MARC

LEADER 00000nam a2200000 a 4500
001 UCX5220
003 CL-VaPUC
008 921008e19470000SP |||||||||||||||||spa|d
082 0 4 |a 863  |b VAL  |2 21 
100 0 |a Valera, Juan  |e author  |9 321488 
245 1 0 |a Pepita Jiménez 
300 |a 229 p 
942 |c BK 
945 |d 19921008 00:00:00 
260 |a Madrid  |b Espasa Calpe  |c 1947 
650 0 |a Novelas españolas  |9 265052 
583 |a last modification  |c 19921008 00:00:00  |k Rodrigo Vera 
490 0 |a Clásicos Castellanos, 80 
999 |c 225517  |d 225515 
952 |0 0  |1 0  |4 0  |6 863_000000000000000_VAL_1947  |7 0  |8 A  |9 223093  |a FDOPOS  |b FDOPOS  |d 2019-11-15  |i 2919427  |o 863 VAL 1947  |p 2919427  |r 2025-01-22  |w 2019-11-15  |y BK  |k MLH